Tempted lyrics (Squeeze) - Statistics

General Stats
  • This quiz has been taken 7 times
  • The average score is 192 of 299
Answer Stats
Lyrics % Correct
a
100%
A
100%
another
100%
by
100%
fruit
100%
I
100%
of
100%
Tempted
100%
the
100%
The
100%
(The
100%
to
100%
and
80%
be
80%
truth
80%
you
80%
all,
60%
all
60%
been
60%
But
60%
but
60%
discovered
60%
do?
60%
for
60%
gone
60%
hairbrush
60%
is
60%
me
60%
my
60%
Pajamas,
60%
said
60%
some
60%
there
60%
this
60%
was
60%
what
60%
What's
60%
Your
60%
bought
40%
case
40%
could
40%
flannel
40%
fortune
40%
get
40%
going
40%
have
40%
it
40%
it's
40%
(It's
40%
Keep
40%
keep
40%
know
40%
"Let's
40%
New
40%
no
40%
not
40%
Now
40%
on
40%
other
40%
out
40%
place"
40%
reflection
40%
shoes
40%
tell)
40%
Tell
40%
that
40%
That
40%
There's
40%
toothbrush,
40%
well
40%
would
40%
airport
20%
Alarmed
20%
asked
20%
at
20%
At
20%
Billboards
20%
body
20%
buildings
20%
church
20%
clock
20%
closer
20%
empty
20%
face
20%
foot
20%
forget
20%
fumble
20%
gets
20%
hates
20%
hill
20%
I'm
20%
laundry
20%
Memories
20%
much
20%
novel,
20%
Passed
20%
perfume
20%
pocket
20%
seduction
20%
sock
20%
steeple
20%
still
20%
stop
20%
story
20%
toothpaste
20%
untrue
20%
will
20%
wish
20%
without
20%
Ain't
0%
baggage
0%
bedside,
0%
calling
0%
car
0%
carousel
0%
conscience
0%
crowding)
0%
occasion
0%
park,
0%
people
0%
wishing
0%
No matching quizzes found
Score Distribution
Percent of People with Each Score
Percentile by Number Answered
Your Score History
You have not taken this quiz